| 000 | 01009 a2200169 4500 | ||
|---|---|---|---|
| 003 | NUST | ||
| 005 | 20221028125257.0 | ||
| 040 | _cNust | ||
| 082 | _a510,AUE | ||
| 100 |
_aAuerbach, Alvin B. _9101626 |
||
| 245 |
_aIntroductory Mathematics for technicians / _cAlvin B. Auerbach, Vivian Shaw Groza |
||
| 260 |
_aNew York, _bMacmillan _c [1972] |
||
| 300 |
_axi, 802 p. _billus. 24 cm. |
||
| 505 | _aThe World Of Numbers (Page-1), The Slide Rule (Page-57), Elementary Algebra (Page-101), Geometric Concepts (Page-151), Algebraic Fractions (Page-233), First Degree Equations And Inequalities (Page-263), Relations, Functions And Their Graphs (Page-307), Logarithmic Computing (Page-349), Trigonometric Functions And Their Graphs (Page-391), Right Triangles, Vector And Trigonometric Applications (Page-447), Radicals, Exponents And Theory Of Logarithms (Page-505), Second-Degree Equations And Inequalities (Page-561). | ||
| 650 |
_a Introductory mathematics for technicians _9101627 |
||
| 942 |
_2ddc _cBK _k510,AUE |
||
| 999 |
_c179838 _d179838 |
||